000 00997cam a2200361 i 4500
001 0000662
003 DO-SdBNP
005 20171108131439.0
007 0000662
008 100514s 1996 sp | 000 f spa
015 _a
017 _a
_b
020 _a8477204780
035 _a
040 _aBPMSU
_bspa
_cBPMSU
_e
080 _a
082 4 _a158.1
_bB766e
100 1 _aBourbeau, Lise
_d1941-
245 1 0 _aEscucha tu cuerpo /
_cLise Bourbeau ; traducción Amalia Paradejordi
246 1 0 _aEscucha tu cuerpo:
_btu mejor amigo sobre la tierra /
260 _aBarcelona :
_bEdiciones Obelisco,
_c1996.
300 _a277 p.:
_c21 cm
490 0 _aNueva consciencia
650 4 _aTÉCNICAS DE AUTOAYUDA
650 4 _aVIDA ESPIRITUAL
650 4 _aSALUD
700 1 2 _aPeradejordi, Amalia
_etrad.
830 0 _aNueva consciencia
910 _aValidado. Control de calidad MFF
942 _2ddc
_cBK
945 _aInventariado, 2017/MFF
956 _aYLOCKWARD
_810
_cBPMSU
999 _c11336
_d11336